Organizacija i technika torgovli zapasnymi častjami opyt zarubežnych firm

Saved in:
Bibliographic Details
Main Author: Ivaškin, Vladimir Andrejevič
Other Authors: Volgin, Vladislav Vasil'jevič, Mironov, Jevgenij Michajlovič
Format: Book
Language:Russian
Published: Moskva Ekonomika 1984
Edition:2. dopoln. i pererab. izd.
Tags: Add Tag
No Tags, Be the first to tag this record!

MARC

LEADER 00000nam a2200000 4500
001 c107681
005 20041019155139.5
041 0 |a rus 
044 |a RU 
245 1 0 |a Organizacija i technika torgovli zapasnymi častjami  |b opyt zarubežnych firm  |c Vladimir Andrejevič Ivaškin, Vladislav Vasil'jevič Volgin, Jevgenij Michajlovič Mironov 
250 |a 2. dopoln. i pererab. izd. 
264 1 |a Moskva  |b Ekonomika  |c 1984 
300 |a 95 s. 
100 1 |a Ivaškin, Vladimir Andrejevič 
700 1 |a Volgin, Vladislav Vasil'jevič 
700 1 |a Mironov, Jevgenij Michajlovič